Network models and associated applications

Gespeichert in:
Bibliographische Detailangaben
Weitere Verfasser: Klingman, D., Mulvey, J.M
Format: Buch
Sprache:Englisch
Veröffentlicht: Amsterdam North-Holland Pub. Co. 1981
Schriftenreihe:Mathematical programming study 15
Tags: Tag hinzufügen
Keine Tags, Fügen Sie das erste Tag hinzu!

MARC

LEADER 00000nam a2200000 4500
001 c135051
005 20230316131828.7
041 0 |a eng 
044 |a NL 
245 1 0 |a Network models and associated applications  |c Ed. by D. Klingman, J.M. Mulvey 
264 1 |a Amsterdam  |b North-Holland Pub. Co.  |c 1981 
300 |a 176 s. 
490 1 |a Mathematical programming study  |v 15 
830 0 |a Mathematical programming study  |v 15 
700 1 |a Klingman, D. 
700 1 |a Mulvey, J.M.